header

Dye-sensitized solar cells and solar cell performance (Record no. 12042)

MARC details
000 -LEADER
fixed length control field 01445nam a2200349 a 4500
082 04 - DEWEY DECIMAL CLASSIFICATION NUMBER
Classification number 621.31/244
245 00 - TITLE STATEMENT
Title Dye-sensitized solar cells and solar cell performance
260 ## - PUBLICATION, DISTRIBUTION, ETC. (IMPRINT)
Place of publication Hauppauge, N.Y. :
Name of publisher Nova Science Publishers,
Year of publication 2012.
300 ## - PHYSICAL DESCRIPTION
Number of Pages xi, 276 p. :
Other physical details ill. (some col.).
490 1# - SERIES STATEMENT
Series statement Energy science, engineering and technology
Series statement Electrical engineering developments
650 #0 - SUBJECT ADDED ENTRY--TOPICAL TERM
Topical Term Dye-sensitized solar cells.
700 1# - ADDED ENTRY--PERSONAL NAME
Personal name Travino, Michael R.
856 40 - ELECTRONIC LOCATION AND ACCESS
Uniform Resource Identifier http://site.ebrary.com/lib/rucke/Doc?id=10687779

No items available.

© 2026 Rongo University
Contact us: librarian | system librarian | Rongo university